Lasers In Agriculture (Record no. 537)

MARC details
000 -LEADER
fixed length control field 00267nam a22001217a 4500
041 ## - LANGUAGE CODE
Language code of text/sound track or separate title ENG
100 ## - MAIN ENTRY--PERSONAL NAME
Personal name Posudin Y.I
245 ## - TITLE STATEMENT
Title Lasers In Agriculture
260 ## - PUBLICATION, DISTRIBUTION, ETC. (IMPRINT)
Place of publication, distribution, etc Delhi
Name of publisher, distributor, etc Oxford & IBH PUB
Date of publication, distribution, etc 1999
300 ## - PHYSICAL DESCRIPTION
Extent 188
650 ## - SUBJECT ADDED ENTRY--TOPICAL TERM
Topical term or geographic name as entry element Agricultural
856 ## - ELECTRONIC LOCATION AND ACCESS
Uniform Resource Identifier Agricultural
Holdings
Withdrawn status Lost status Source of classification or shelving scheme Damaged status Not for loan Home library Current library Shelving location Date acquired Total Checkouts Barcode Date last seen Price effective from Koha item type
    Dewey Decimal Classification     College of Agricultural Engineering and Technology, Dapoli , Library College of Agricultural Engineering and Technology, Dapoli , Library Book Cart 30/08/2021   001032 30/08/2021 30/08/2021 Books

Contact Us: College of Agricultural Engineering and Technology, Dapoli, Dist.- Ratnagiri
Website: https://dbskkv.org Email: caetlibrary2015@gmail.com